BOŞA GEÇİRECEK VAKİT YOK (Record no. 1002884)

MARC details
000 -LEADER
sabit uzunluktaki kontrol alanı 00262nam a2200097Ia 4500
001 - KONTROL NUMARASI
kontrol alanı 1002884
005 - EN SON İŞLEMİN TARİH VE ZAMANI
kontrol alanı 20250826230439.0
008 - SABİT-UZUNLUKTA VERİ ÖĞELERİ--GENEL BİLGİ
sabit uzunluktaki kontrol alanı 250824s9999 xx 000 0 und d
245 #0 - ESER / YAZAR
ESER ADI BOŞA GEÇİRECEK VAKİT YOK
Yazar Adı URSULA K LE YUİN
260 ## - YAYIN, DAĞITIM, VB.
YAYIN EVİ HEP KİTAP YAYINLARI
Holdings
Düşüm durumu Kayıp durumu Hasar Durumu Ödünç verilmez Ana kütüphane Geçerli Kütüphane Edinilen tarih Toplam ödünç verme sayısı Barkod Son görüntüleme tarihi Fiyatın geçerli olmaya başladığı tarih Koha materyal türü
        ZEKİ ALTINDAĞ İLKOKULU ZEKİ ALTINDAĞ İLKOKULU 24.08.2025   1076323 26.08.2025 26.08.2025 Books